Fishery statistics: Commodities = Statistiques des pêches: Produits = Estadísticas de pesca: Productos

保存先:
書誌詳細
フォーマット: 図書
言語:Undetermined
出版事項: Rome, Italy FAO 2006
主題:
タグ: タグ追加
タグなし, このレコードへの初めてのタグを付けませんか!
Thư viện lưu trữ: Trung tâm Học liệu Trường Đại học Cần Thơ
LEADER 00524nam a2200181Ia 4500
001 CTU_116678
008 210402s9999 xx 000 0 und d
082 |a 338.37270021 
082 |b F686/Vol.99 
245 0 |a Fishery statistics: Commodities = 
245 0 |b Statistiques des pêches: Produits = Estadísticas de pesca: Productos 
260 |a Rome, Italy 
260 |b FAO 
260 |c 2006 
650 |a Fisheries 
650 |x Statistics 
904 |i Minh 
980 |a Trung tâm Học liệu Trường Đại học Cần Thơ